Datum a čas kvízu
32.5
Celkem bodů
Celkový počet nahraných bodů na tomto kvízu bez doplňovacích otázek.
5.
Pořadí na kvízu
Konečné umístění týmu na tomto kvízu.
Zaznamenané odpovědi
| # | Otázka | Odpověď | Body | Výsledky |
|---|---|---|---|---|
| 1. | Kolik Českých lvů získal při s... | 1 | ||
| 2. | Do prodejny mobilů přišla žena... | 0 | ||
| 3. | Jak se nazývá animovaný snímek... | 0 | ||
| 4. | Minulý týden byla vydána další... | 0 | ||
| 5. | Oscara získal minulý týden i j... | 1 | ||
| 6. | V tomto tématu si posvítíme na... | 1 | ||
| 7. | Které jsou nejrozšířenější jaz... | 1 | ||
| 8. | Největší jezera na světě co do... | 0.5 | ||
| 9. | Státy Jižní Ameriky podle počt... | 1 | ||
| 10. | Evropské země podle rozlohy: 1... | 0 |